Sahitya darshan/ (Record no. 8057)

MARC details
000 -LEADER
fixed length control field 00582cam a2200217ua 4500
005 - DATE AND TIME OF LATEST TRANSACTION
control field 20260515114417.0
008 - FIXED-LENGTH DATA ELEMENTS--GENERAL INFORMATION
fixed length control field 150219n ii |||gr||||Z||||||asm
020 ## - INTERNATIONAL STANDARD BOOK NUMBER
International Standard Book Number 9788124400344
040 ## - CATALOGING SOURCE
Transcribing agency MAIN
041 ## - LANGUAGE CODE
Language code of sung or spoken text asm
082 ## - DEWEY DECIMAL CLASSIFICATION NUMBER
Classification number 891.451
Item number SHA
100 ## - MAIN ENTRY--PERSONAL NAME
Personal name Shastree, Manoranjan,
Relator term author
245 1# - TITLE STATEMENT
Title Sahitya darshan/
Statement of responsibility, etc. By Manoranjan Shastree
250 ## - EDITION STATEMENT
Edition statement 6th.
260 ## - PUBLICATION, DISTRIBUTION, ETC.
Place of publication, distribution, etc. Guwahati:
Name of publisher, distributor, etc. Chandra prakash,
Date of publication, distribution, etc. 2022.
300 ## - PHYSICAL DESCRIPTION
Extent 306p.
650 ## - SUBJECT ADDED ENTRY--TOPICAL TERM
Topical term or geographic name entry element Assamese literature
653 ## - INDEX TERM--UNCONTROLLED
Uncontrolled term East Indo-European & Celtic literatures
653 ## - INDEX TERM--UNCONTROLLED
Uncontrolled term Assamese literature
942 ## - ADDED ENTRY ELEMENTS (KOHA)
Koha item type Books
Source of classification or shelving scheme Dewey Decimal Classification
Holdings
Withdrawn status Lost status Damaged status Not for loan Home library Current library Shelving location Date acquired Total checkouts Full call number Barcode Date last seen Date last checked out Copy number Price effective from Koha item type Source of classification or shelving scheme Collection Cost, normal purchase price
        Naharkatiya College Library Naharkatiya College Library General stacks 09/19/2020 2 891.451 | SAS 22444 08/16/2025 08/06/2025 1 09/19/2020 Books      
        Naharkatiya College Library Naharkatiya College Library General stacks 09/11/2025   891.451 SHA 31048 09/11/2025   2 09/11/2025 Books Dewey Decimal Classification   300.00
        Naharkatiya College Library Naharkatiya College Library General stacks 09/11/2025 1 891.451 SHA 31049 10/07/2025 09/16/2025 3 09/11/2025 Books Dewey Decimal Classification   300.00
        Naharkatiya College Library Naharkatiya College Library General stacks 09/11/2025 1 891.451 SHA 31050 09/27/2025 09/16/2025 4 09/11/2025 Books Dewey Decimal Classification   300.00